Directions in mathematical quasicrystals
Αποθηκεύτηκε σε:
| Άλλοι συγγραφείς: | , |
|---|---|
| Μορφή: | Βιβλίο |
| Γλώσσα: | English |
| Δημοσίευση: |
Providence, Rhode Island :
American Mathematical Society,
c2000
|
| Σειρά: | CRM monograph series ;
; 13 |
| Θέματα: | |
| Ετικέτες: |
Προσθήκη ετικέτας
Δεν υπάρχουν, Καταχωρήστε ετικέτα πρώτοι!
|
MARC
| LEADER | 00000nam a2200000 i 4500 | ||
|---|---|---|---|
| 001 | 1/73728 | ||
| 008 | 050318s2000 eng d | ||
| 020 | |a 0-8218-2629-8 (hbk.) | ||
| 035 | |l 10077173 | ||
| 040 | |a GR-MY-UA |b gre |e aacr | ||
| 041 | 0 | |a eng | |
| 082 | 0 | |a 548.7 |2 (21) | |
| 245 | 1 | 0 | |a Directions in mathematical quasicrystals / |c edited by Michael Baake, Robert V. Moody |
| 260 | |a Providence, Rhode Island : |b American Mathematical Society, |c c2000 | ||
| 300 | |a viii, 379 σ.; |b εικ.; |c 26 εκ. | ||
| 490 | 1 | |a CRM monograph series |v ; 13 | |
| 504 | |a Περιλαμβάνει βιβλιογραφία και ευρετήριο | ||
| 650 | 0 | 0 | |a Quasicrystals. |
| 650 | 0 | 0 | |a Crystallography, Mathematical. |
| 700 | 1 | |a Baake, Michael. |4 edt | |
| 700 | 1 | |a Moody, R. V. |d 1941- |4 edt | |
| 830 | 0 | |a CRM monograph series ; |v ; 13 | |
| 852 | |a INST |b CHIOS |e 20050318 |h 548.7 DIR |p 005200021945 |q 005200021945 |t BK |y 0 | ||
| 901 | |a BIBL2-2005-1 | ||
| 909 | |a Χ |b 112957 | ||
| 920 | |a ΔΙΕΥΡΥΝΣΗ |b ΕΠΕΑΕΚ-ΤΜΟΔ |y ΧΙΟΣ |z 2004-12 | ||
| 970 | |a ΣΠΕΝΤΖΑ |b ΕΛΕΝΗ |z 2005/03/18 | ||